VH1: 50 Greatest Artists of Hard Rock (with hints) - Statistics

General Stats
  • This quiz has been taken 203 times
  • The average score is 30 of 50
Answer Stats
# A song Artist or Band % Correct
13 Bohemian Rhapsody Queen
98%
4 Back in Black AC/DC
96%
5 Enter Sandman Metallica
96%
9 Paradise City Guns N' Roses
93%
1 Kashmir Led Zeppelin
91%
15 Comfortably Numb Pink Floyd
91%
30 Californication Red Hot Chili Peppers
90%
2 War Pigs Black Sabbath
89%
31 Pour some Sugar on Me Def Leppard
86%
11 Sweet Emotion Aerosmith
84%
6 Lithium Nirvana
83%
14 Black Hole Sun Soundgarden
83%
19 Should I Stay or Should I Go? The Clash
83%
12 God Save the Queen The Sex Pistols
82%
8 My Generation The Who
82%
10 Detroit Rock City KISS
81%
3 Are you Experienced? Jimi Hendrix
76%
28 Tom Sawyer Rush
76%
46 Rock You Like a Hurricane Scorpions
76%
42 You Really Got Me The Kinks
75%
44 Sharp Dressed Man ZZ Top
75%
7 Aint' Talkin' 'Bout Love Van Halen
73%
26 Ace of Spades Motorhead
71%
18 Bark at the Moon Ozzy Osbourne
68%
17 Sheena is a Punk Rocker The Ramones
68%
33 Killing in the Name Of Rage Against the Machine
65%
24 Fear of the Dark Iron Maiden
63%
48 Me and Bobby McGee Janis Joplin
61%
16 White Room Cream
58%
29 Shout at the Devil Motley Crue
58%
23 Living after Midnight Judas Priest
55%
20 I'm Eighteen Alice Cooper
52%
41 Cat Scratch Fever Ted Nugent
52%
25 I want you to want Me Cheap Trick
50%
43 Hurt Nine Inch Nails
50%
35 Jane Says Jane's Addiction
49%
21 Daughter Pearl Jam
49%
22 Woman from Tokyo Deep Purple
40%
27 The Passenger Iggy Pop
40%
45 Walk Pantera
40%
40 Vasoline Stone Temple Pilots
34%
34 We Die Young Alice in Chains
32%
39 Cinnamon Girl Neil Young
29%
37 For your Love Yardbirds
23%
38 Kick out the Jams MC5
21%
32 Horse Latitudes The Doors
16%
36 Joe's Garage Frank Zappa
14%
50 Eyes of the Insane Slayer
13%
49 Rhinoceros Smashing Pumpkins
12%
47 Six Pack Black Flag
6%
No matching quizzes found
Score Distribution
Percent of People with Each Score
Percentile by Number Answered
Your Score History
You have not taken this quiz